000 00311nam a22001337a 4500
008 170614b xxu||||| |||| 00| 0 eng d
020 _a0520045130
041 _aeng
080 _a32
100 _a19
101 _aSHP
245 _aPOLLUTION, POLITICS, AND INTERNATIONAL LAW
_cM'GONIGLE,M.M
942 _2udc
_cBK
999 _c17260
_d17260